000 00639nam a22001937a 4500
005 20251108173133.0
008 250721s2003 xx 000 0 ara d
082 1 4 _a739.509622/يوس
100 1 _aيوسف، نبيل على
245 1 0 _aأشغال المعادن ذات النمط الثابت فى أهم آثار القاهرة الإسلامية /
264 1 _aالقاهرة :
_bمكتبة مدبولي،
_c2003.
300 _a271 ص.
650 1 7 _aالفنون الزخرفة
650 1 7 _aالمعادن
650 1 7 _aالعمارة الأسلامية
650 1 7 _aالقاهرة
942 _2ddc
_cBK
999 _c96907
_d96907